Maravilla americana : (Registro nro. 62385)
[ vista simple ]
| 000 -LEADER | |
|---|---|
| fixed length control field | 01310cam a2200313 i 4500 |
| 001 - CONTROL NUMBER | |
| control field | 62385 |
| 003 - CONTROL NUMBER IDENTIFIER | |
| control field | Mx-PuUPA |
| 005 - DATE AND TIME OF LATEST TRANSACTION | |
| control field | 20251205132123.0 |
| 008 - FIXED-LENGTH DATA ELEMENTS--GENERAL INFORMATION | |
| fixed length control field | 150413s1989 mx a gr 000 0 spa d |
| 040 ## - CATALOGING SOURCE | |
| Original cataloging agency | Mx-PuUPA |
| Language of cataloging | spa |
| Transcribing agency | Mx-PuUPA |
| Modifying agency | Mx-PuUPA |
| Description conventions | rda |
| 041 0# - LANGUAGE CODE | |
| Language code of text/sound track or separate title | spa |
| 043 ## - GEOGRAPHIC AREA CODE | |
| Geographic area code | n-mx--- |
| 245 10 - TITLE STATEMENT | |
| Title | Maravilla americana : |
| Remainder of title | variantes de la iconografía Guadalupana siglos XVII - XIX / |
| Statement of responsibility, etc. | coordinación general y museográfica, Jorge Guadarrama |
| 264 #1 - PRODUCTION, PUBLICATION, DISTRIBUTION, MANUFACTURE, AND COPYRIGHT NOTICE | |
| Place of production, publication, distribution, manufacture | México : |
| Name of producer, publisher, distributor, manufacturer | Patronato Cultural del Occidente, |
| Date of production, publication, distribution, manufacture, or copyright notice | 1989 |
| 300 ## - PHYSICAL DESCRIPTION | |
| Extent | 139 páginas : |
| Other physical details | ilustraciones, fotografías ; |
| Dimensions | 31 cm |
| 336 ## - CONTENT TYPE | |
| Content type term | texto |
| Fuente | rdacontent |
| Content type code | txt |
| 336 ## - CONTENT TYPE | |
| Fuente | rdacontent |
| Content type term | imagen fija |
| Content type code | sti |
| 337 ## - MEDIA TYPE | |
| Media type term | sin medio |
| Source | rdamedia |
| Media type code | n |
| 338 ## - CARRIER TYPE | |
| Carrier type term | volumen |
| Source | rdacarrier |
| Carrier type code | nc |
| 501 ## - WITH NOTE | |
| With note | "Esta exposición forma parte de las actividades realizadas en el Festival Guadalajara '89, abril - junio, 1989" -- Portada |
| 600 04 - SUBJECT ADDED ENTRY--PERSONAL NAME | |
| Personal name | Virgen de Guadalupe |
| General subdivision | Arte |
| Form subdivision | Exposiciones |
| 600 04 - SUBJECT ADDED ENTRY--PERSONAL NAME | |
| Personal name | Virgen María |
| General subdivision | Apariciones y milagros |
| Form subdivision | Exposiciones |
| 610 2# - SUBJECT ADDED ENTRY--CORPORATE NAME | |
| Corporate name or jurisdiction name as entry element | Instituto Cultural Cabañas (Guadalajara - México) |
| Form subdivision | Catálogos |
| 650 #7 - SUBJECT ADDED ENTRY--TOPICAL TERM | |
| Source of heading or term | armarc |
| Topical term or geographic name entry element | Arte y simbolismo cristiano |
| Geographic subdivision | México |
| 700 1# - ADDED ENTRY--PERSONAL NAME | |
| Personal name | Guadarrama, Jorge, |
| Relator term | coordinador |
| 9 (RLIN) | 271 |
| 942 ## - ADDED ENTRY ELEMENTS (KOHA) | |
| Source of classification or shelving scheme | Dewey Decimal Classification |
| Koha item type | Libro |
| Classification part | 704.94855 |
| Item part | M28 |
| Withdrawn status | Lost status | Source of classification or shelving scheme | Damaged status | Not for loan | Collection code | Home library | Current library | Shelving location | Date acquired | Source of acquisition | Total Checkouts | Full call number | Barcode | Date last seen | Price effective from | Koha item type |
|---|---|---|---|---|---|---|---|---|---|---|---|---|---|---|---|---|
| Dewey Decimal Classification | General | Centro de Estudios Guadalupanos | Centro de Estudios Guadalupanos | Sala general | 13/04/2015 | Compra | 704.94855 M28 1989 | 93678 | 05/01/2026 | 13/04/2015 | Libro |